Gatopardismo en la ONU para las políticas de desarrollo /

Guardat en:
Dades bibliogràfiques
Autor principal: Guerrero Guerrero, Ana Luisa (autor)
Format: Llibre
Idioma:espanyol
Publicat: México : UNAM, Centro de Investigaciones sobre América Latina y el Caribe : Eón, 2024, c2024
Matèries:
Etiquetes: Afegir etiqueta
Sense etiquetes, Sigues el primer a etiquetar aquest registre!

MARC

LEADER 00000nam^a2200000^a^4500
001 000592975
005 20250521000000.0
009 20260310132958.521
020 |a 978-607-30-9082-7 
020 |a 978-607-8997-05-3 
037 |a Acervo ITESO - Biblioteca 
041 |a ESP 
082 |a 333. 7  |b GUE 
100 |a Guerrero Guerrero, Ana Luisa  |e (autor) 
245 1 0 |a Gatopardismo en la ONU para las políticas de desarrollo /  |c A.L. Guerrero Guerrero. 
264 4 |a México :  |b UNAM, Centro de Investigaciones sobre América Latina y el Caribe :  |b Eón,  |c 2024, c2024 
300 |a 188 p. 
336 |a texto  |b txt  |2 rdacontenido 
337 |a sin mediación  |b n  |2 rdamedio 
338 |a volumen  |b nc  |2 rdasoporte 
521 |a FIL 2024 DIA 
649 |a XX 
650 |a ONU -  |x Tema Principal 
650 |a Organizaciones Internacionales 
650 |a Productividad 
650 |a Desarrollo Sustentable -  |x Tema Principal 
650 |a Desarrollo Económico-Social -  |x Tema Principal 
650 |a Medio Ambiente 
650 |a Política Ambiental 
650 |a Política Económica 
650 |a Políticas Públicas 
650 |a Economía 
910 |a Fondo General 
920 |a Impresos - Libros 
930 |a Colección General 
905 |a 101 
901 |a 592975-10  |b IT1  |c ACC  |i C188252  |u 20250521 
902 |a https://opac.biblio.iteso.mx/vufind/Record/000592975